000 00420nam a2200181Ia 4500
001 25368
005 20260414151145.0
008 260414t2001||||xx |||||||||||||| ||spa||
041 _aESP
082 _a346.5
_bF43A
100 _aFerri, Luigi,
_eAUT
245 0 _aLa autonomía privada
_b
260 _c2001
300 _axii, 369 páginas :
_c22 cm.
650 _aDER
654 _aCDE
942 _cLIB
_dJUS
_fJUS
_2ddc
_n
999 _c25368
_d25368